[Event "Dortmund Sparkassen op-B 47th"]
[Site "Dortmund"]
[Date "2019.07.21"]
[Round "9"]
[White "Werthmann, Dietmar"]
[Black "Krams, Amatus"]
[Result "1/2-1/2"]
[WhiteElo "1774"]
[BlackElo "1671"]
[PlyCount "38"]
[EventDate "2019.07.13"]
[EventType "swiss"]
[EventRounds "9"]
[EventCountry "GER"]
[SourceTitle "CBM 192 Extra"]
[Source "Chessbase"]
[SourceDate "2019.11.06"]
[SourceVersion "1"]
[SourceVersionDate "2019.11.06"]
[SourceQuality "1"]

1. d4 d5 2. Bf4 e6 3. e3 c6 4. Nd2 f5 5. h4 Nf6 6. Ngf3 Be7 7. Ne5 0-0 8. h5 Ne4 9. Bd3 Nd7 10. Nxd7 Qxd7 11. Nf3 Bd6 12. Bxd6 Nxd6 13. Ne5 Qe7 14. f4 Nf7 15. Nxf7 Rxf7 16. c3 c5 17. Qe2 c4 18. Bc2 b5 19. a3 Rb8 1/2-1/2

[Event "Dortmund Sparkassen op-B 47th"]
[Site "Dortmund"]
[Date "2019.07.15"]
[Round "3"]
[White "Werthmann, Dietmar"]
[Black "Freiknecht, Holger"]
[Result "1/2-1/2"]
[WhiteElo "1774"]
[BlackElo "1833"]
[PlyCount "69"]
[EventDate "2019.07.13"]
[EventType "swiss"]
[EventRounds "9"]
[EventCountry "GER"]
[SourceTitle "CBM 192 Extra"]
[Source "Chessbase"]
[SourceDate "2019.11.06"]
[SourceVersion "1"]
[SourceVersionDate "2019.11.06"]
[SourceQuality "1"]

1. d4 d6 2. Bf4 Nd7 3. Nf3 g6 4. e3 Bg7 5. Bc4 Nh6 6. Nc3 c6 7. h4 Nf6 8. Ng5 Nh5 9. Nh3 Nxf4 10. Nxf4 d5 11. Be2 Qb6 12. Na4 Qc7 13. Nd3 Nf5 14. g4 Nd6 15. Nc3 Bd7 16. b3 0-0-0 17. Qd2 Ne4 18. Nxe4 dxe4 19. Nc5 e5 20. c3 exd4 21. cxd4 Bf8 22. b4 Be6 23. Rc1 Bxc5 24. bxc5 Kb8 25. a4 Ka8 26. a5 a6 27. Rb1 f5 28. gxf5 gxf5 29. Rb6 Bc8 30. Bc4 f4 31. Qe2 fxe3 32. fxe3 Rhf8 33. Kd2 Qg3 34. Rg1 Qc7 35. Rgb1 1/2-1/2